Mathematical methods in chemical engineering (Record no. 25039)

000 -LEADER
fixed length control field 00548nam a22002051 4500
001 - CONTROL NUMBER
control field 25039
003 - CONTROL NUMBER IDENTIFIER
control field BD-DhUET
008 - FIXED-LENGTH DATA ELEMENTS--GENERAL INFORMATION
fixed length control field 730313s1963 xx 000 0 eng
040 ## - CATALOGING SOURCE
Original cataloging agency DLC
Transcribing agency OClU
Modifying agency BD-DhUET
082 ## - DEWEY DECIMAL CLASSIFICATION NUMBER
Classification number 660.28
Item number JEN/1963
100 ## - MAIN ENTRY--PERSONAL NAME
Personal name Jenson, V. G.
245 10 - TITLE STATEMENT
Title Mathematical methods in chemical engineering
250 ## - EDITION STATEMENT
Edition statement 1st ed.
260 ## - PUBLICATION, DISTRIBUTION, ETC. (IMPRINT)
Place of publication, distribution, etc. London
Name of publisher, distributor, etc. Academic Press
Date of publication, distribution, etc. 1963
300 ## - PHYSICAL DESCRIPTION
Extent xi, 556 p.
Other physical details illus.
Dimensions 24cm.
504 ## - BIBLIOGRAPHY, ETC. NOTE
Bibliography, etc Includes bibliographies
650 #0 - SUBJECT ADDED ENTRY--TOPICAL TERM
Topical term or geographic name as entry element Chemical engineering
700 ## - ADDED ENTRY--PERSONAL NAME
Personal name Jeffreys, G. V.
942 ## - ADDED ENTRY ELEMENTS (KOHA)
Koha item type General Book
Holdings
Koha date last seen Date acquired Source of classification or shelving scheme Shelving location Withdrawn status Copy number Koha full call number Location (home branch) Sublocation or collection (holding branch) Not for loan Damaged status Lost status Koha item type Price effective from Koha normalized classification for sorting Piece designation (barcode)
2015-05-122015-05-12 Circulation section 1660.28/JEN/1963Central Library, BUETCentral Library, BUET   General Book2015-05-12660_280000000000000_JEN_196322438
2015-05-122015-05-12 Circulation section 2660.28/JEN/1963Central Library, BUETCentral Library, BUET   General Book2015-05-12660_280000000000000_JEN_196322440
2015-05-122015-05-12 Circulation section 3660.28/JEN/1963Central Library, BUETCentral Library, BUET   General Book2015-05-12660_280000000000000_JEN_196322434
2015-05-182015-05-18 Circulation section 4660.28/JEN/1963Central Library, BUETCentral Library, BUET   General Book2015-05-18660_280000000000000_JEN_196322432
2015-05-182015-05-18 Circulation section 5660.28/JEN/1963Central Library, BUETCentral Library, BUET   General Book2015-05-18660_280000000000000_JEN_196322435
2015-05-182015-05-18 Circulation section 6660.28/JEN/1963Central Library, BUETCentral Library, BUET   General Book2015-05-18660_280000000000000_JEN_196329450
2015-05-182015-05-18 Circulation section 7660.28/JEN/1963Central Library, BUETCentral Library, BUET   General Book2015-05-18660_280000000000000_JEN_196329449
2015-05-182015-05-18 Circulation section 8660.28/JEN/1963Central Library, BUETCentral Library, BUET   General Book2015-05-18660_280000000000000_JEN_196329448
2015-05-182015-05-18 Circulation section 9660.28/JEN/1963Central Library, BUETCentral Library, BUET   General Book2015-05-18660_280000000000000_JEN_196329457
2015-05-182015-05-18 Circulation section 10660.28/JEN/1963Central Library, BUETCentral Library, BUET   General Book2015-05-18660_280000000000000_JEN_196329454
2015-05-182015-05-18 Circulation section 11660.28/JEN/1963Central Library, BUETCentral Library, BUET   General Book2015-05-18660_280000000000000_JEN_196329453
2015-05-182015-05-18 Circulation section 12660.28/JEN/1963Central Library, BUETCentral Library, BUET   General Book2015-05-18660_280000000000000_JEN_196329451
2015-05-182015-05-18 Circulation section 13660.28/JEN/1963Central Library, BUETCentral Library, BUET   General Book2015-05-18660_280000000000000_JEN_196322431
2015-05-182015-05-18 Circulation section 14660.28/JEN/1963Central Library, BUETCentral Library, BUET   General Book2015-05-18660_280000000000000_JEN_196329452
2015-05-182015-05-18 Circulation section 15660.28/JEN/1963Central Library, BUETCentral Library, BUET   General Book2015-05-18660_280000000000000_JEN_196322436
2015-06-172015-06-17 Reading section 16660.28/JEN/1963Central Library, BUETCentral Library, BUET   Reading Item2015-06-17660_280000000000000_JEN_196329456
2015-06-182015-06-18 Reading section 17660.28/JEN/1963Central Library, BUETCentral Library, BUET   Reading Item2015-06-18660_280000000000000_JEN_196329455.
2015-07-102015-07-10 Reading section 18660.28/JEN/1963Central Library, BUETCentral Library, BUET   Reading Item2015-07-10660_280000000000000_JEN_196322439